Estimating the Norm of the Holomorphic Component of a Meromorphic Function in a Finitely Connected Domain

Elmentve itt :
Bibliográfiai részletek
Szerzők: Kalmykov Sergei
Nagy Béla
Dokumentumtípus: Cikk
Megjelent: 2016
Sorozat:JOURNAL OF MATHEMATICAL SCIENCES 217 No. 1
doi:10.1007/s10958-016-2957-0

mtmt:3096482
Online Access:http://publicatio.bibl.u-szeged.hu/10223
LEADER 00979nab a2200229 i 4500
001 publ10223
005 20190521135459.0
008 170109s2016 hu o 0|| zxx d
022 |a 2372-5214 
024 7 |a 10.1007/s10958-016-2957-0  |2 doi 
024 7 |a 3096482  |2 mtmt 
040 |a SZTE Publicatio Repozitórium  |b hun 
041 |a zxx 
100 1 |a Kalmykov Sergei 
245 1 0 |a Estimating the Norm of the Holomorphic Component of a Meromorphic Function in a Finitely Connected Domain  |h [elektronikus dokumentum] /  |c  Kalmykov Sergei 
260 |c 2016 
300 |a 81-90 
490 0 |a JOURNAL OF MATHEMATICAL SCIENCES  |v 217 No. 1 
700 0 1 |a Nagy Béla  |e aut 
856 4 0 |u http://publicatio.bibl.u-szeged.hu/10223/1/Kalmukov.pdf  |z Dokumentum-elérés  
856 4 0 |u http://publicatio.bibl.u-szeged.hu/10223/9/Kalmukov.pdf  |z Dokumentum-elérés  
856 4 0 |u http://publicatio.bibl.u-szeged.hu/10223/15/3096482_Kalmykov-Nagy2016_Article_EstimatingTheNormOfTheHolomorp.pdf  |z Dokumentum-elérés